Bytový dom

Gespeichert in:
Bibliographische Detailangaben
1. Verfasser: Dobák, Peter (Verfasst von)
Weitere Verfasser: Orosi, Pavol (Betreuung Doktorarbeit)
Format: Manuskript Buch
Sprache:Slowakisch
Veröffentlicht: 2018
Schlagworte:
Online-Zugang:http://is.stuba.sk/zp/portal_zp.pl?podrobnosti=145847
https://opac.crzp.sk/?fn=detailBiblioForm&sid=ABCEC5876A40CFC0DD96D7344C66
Tags: Tag hinzufügen
Keine Tags, Fügen Sie das erste Tag hinzu!

MARC

LEADER 00000ntm a22000003a 4500
001 stuzp70578
003 SK-STU
005 20230616100644.1
007 ta
008 150427s2015----xo-----f-mn---000-0-slo-d
040 |a STU  |b slo 
041 0 |a slo 
100 1 |a Dobák, Peter  |u 010270  |4 aut  |U SvF Stavebná fakulta  |T SvF Katedra technológie stavieb  |X 63303  |U V270  |Y 28  |7 63303 
242 0 1 |a Flat house  |y eng 
245 1 0 |a Bytový dom 
260 |c 2018 
650 4 |a stavenisko  |2 slo 
650 4 |a hydroizolácia  |2 slo 
650 4 |a realizácia  |2 slo 
650 4 |a balkón  |2 slo 
650 4 |a building  |2 eng 
650 4 |a realization  |2 eng 
650 4 |a balcony  |2 eng 
700 1 |a Orosi, Pavol  |u 010270  |k Z8  |4 ths  |U SvF Stavebná fakulta  |T SvF Katedra technológie stavieb  |X 51660  |U V270  |Y 28  |7 A000051660 
856 4 |u http://is.stuba.sk/zp/portal_zp.pl?podrobnosti=145847 
856 4 |u https://opac.crzp.sk/?fn=detailBiblioForm&sid=ABCEC5876A40CFC0DD96D7344C66